Modern land law (Record no. 111102)

MARC details
000 -LEADER
fixed length control field 01705cam a22003015a 4500
001 - CONTROL NUMBER
control field L151025
008 - FIXED-LENGTH DATA ELEMENTS--GENERAL INFORMATION
fixed length control field 100923s2010 xxkd f g 001 0 eng d
020 ## - INTERNATIONAL STANDARD BOOK NUMBER
International Standard Book Number 9780203848463
035 ## - SYSTEM CONTROL NUMBER
System control number (Sirsi) u151025
041 0# - LANGUAGE CODE
Language code of text/sound track or separate title eng.
050 04 - LIBRARY OF CONGRESS CALL NUMBER
Classification number 346.41043 $2 18
100 1# - MAIN ENTRY--PERSONAL NAME
Personal name Dixon, Martin
245 00 - TITLE STATEMENT
Title Modern land law
Medium [electronic resource]
250 ## - EDITION STATEMENT
Edition statement 7th ed.
260 ## - PUBLICATION, DISTRIBUTION, ETC.
Place of publication, distribution, etc. Oxon
Name of publisher, distributor, etc. Routledge-Cavendish
Date of publication, distribution, etc. 2010
300 ## - PHYSICAL DESCRIPTION
Extent eBook
505 2# - FORMATTED CONTENTS NOTE
Formatted contents note Preface -- Table of cases -- Table of Statutes -- Tables of Statutory Instruments and European legislation -- Table of acronyms -- An introduction to modern land law -- Registered land -- Unregistered land -- Co-ownership -- Successive interests in land -- Leases -- The law of easements and profits -- Freehold covenants -- Licenses and proprietary estoppel -- The law of mortgages -- Adverse possession
520 ## - SUMMARY, ETC.
Summary, etc. This eBook is a detailed guide to land law, including commentary on the legislation and recent case law (including Doherty v Birmingham City Council and Yeoman's Row Management v Cobbe). Covers all the topics covered on a typical undergraduate course and makes use of tables and diagrams. Of use to students and all others looking for an introduction to the udnerlying principles of land law.
521 ## - TARGET AUDIENCE NOTE
Target audience note Advanced
590 ## - LOCAL NOTE (RLIN)
Local note KA ntk
650 24 - SUBJECT ADDED ENTRY--TOPICAL TERM
Topical term or geographic name entry element DOHERTY V BIRMINGHAM CITY COUNCIL
650 24 - SUBJECT ADDED ENTRY--TOPICAL TERM
Topical term or geographic name entry element EBOOK
650 24 - SUBJECT ADDED ENTRY--TOPICAL TERM
Topical term or geographic name entry element YEOMANS ROW MANAGEMENT LTD V COBBE
651 #4 - SUBJECT ADDED ENTRY--GEOGRAPHIC NAME
Geographic name England and Wales
Chronological subdivision 1543-
690 ## - LOCAL SUBJECT ADDED ENTRY--TOPICAL TERM (OCLC, RLIN)
Topical term or geographic name as entry element PROPERTY-PROPERTY ACQUISITION AND DISPOSAL-REGISTRATION OF TITLE TO PROPERTY-LAND REGISTRATION
856 48 - ELECTRONIC LOCATION AND ACCESS
Uniform Resource Identifier <a href="https://www.vlebooks.com/">https://www.vlebooks.com/</a>
Public note View on VLEbooks. Logins for members only from [email protected]
942 ## - ADDED ENTRY ELEMENTS (KOHA)
Suppress in OPAC 0
Holdings
Withdrawn status Lost status Source of classification or shelving scheme Damaged status Not for loan Home library Current library Shelving location Date acquired Total Checkouts Full call number Barcode Date last seen Copy number Price effective from Koha item type
    Dewey Decimal Classification     Virtual Virtual Online 23/09/2010   EBOOK 151025-2001 06/08/2019 1 06/08/2019 Book